00626nam a2200181 a 450000100060000000300090000600800410001504000280005608200170008410000600010124500680016126000530022930000100028265000740029265000210036665000190038765000380040610100CO-ViMGA141112s2004 ck r 000 u spa d aCO-ViMGAbspacCO-ViMGA04a303.485 A1681 aSarmiento Palacio ; Eduardo, Bejarano Jesús Antonio, 10aLa Guerra y la paz en la Segunda mitad del Siglo XX en Colombia aSantafé de Bogotá : bEcoe ediciones, c1999 a268p.14aCAUSAS, CONSECUENCIAS Y SOLUCIONES SOCIO - ECONOMICAS DE LA VIOLENCIA14aCONFLICTO ARMADO14aPROCESO DE PAZ14aPROCESO HISTORICO DE LA VIOLENCIA